Capitales commencant par Port - Statistiques

Statistiques générales
  • Ce quiz a été pris 151 fois
    129 depuis la dernière actualisation
  • Le résultat moyen est 4 sur 6
Statistiques - réponses
Réponse % Correct
Port-au-Prince
80%
Port-d'Espagne
66%
Port Louis
66%
Port Moresby
66%
Porto-Novo
62%
Port-Vila
56%
Aucun quiz correspondant
Distribution des résultats
% des personnes avec chaque résultat
Percentile par nombre de réponses
Votre historique - résultats
Vous n’avez pas pris ce quiz depuis la dernière actualisation